000 00876nam a2200181Ia 4500
008 151202s9999||||xx |||||||||||||| ||und||
082 _bPNVM-121877
100 _aखाडिलकर वसंत माधव.
245 _aगंधर्ववेद गायन-वादन-नर्तन संगीत ज्ञानकोष.
260 _b"श्रीगंधर्ववेद प्रकाशन, पुणे."
260 _c1982
300 _a576
600 _aखाडिलकर वसंत माधव.
630 _aगंधर्ववेद गायन-वादन-नर्तन संगीत ज्ञानकोष.
700 _aखाडिलकर वसंत माधव.
730 _aगंधर्ववेद गायन-वादन-नर्तन संगीत ज्ञानकोष.
942 _cBOOK
999 _c1352006
_d1352003